<?xml version="1.0" encoding="UTF-8"?>
<record
    xmlns:xsi="http://www.w3.org/2001/XMLSchema-instance"
    xsi:schemaLocation="http://www.loc.gov/MARC21/slim http://www.loc.gov/standards/marcxml/schema/MARC21slim.xsd"
    xmlns="http://www.loc.gov/MARC21/slim">

  <leader>00882nam  22002653  4500</leader>
  <controlfield tag="001">202451</controlfield>
  <datafield tag="011" ind1=" " ind2=" ">
    <subfield code="a">8</subfield>
    <subfield code="d">Oferta</subfield>
  </datafield>
  <datafield tag="021" ind1=" " ind2=" ">
    <subfield code="a">PT</subfield>
    <subfield code="b">S. 261-1972</subfield>
  </datafield>
  <datafield tag="090" ind1=" " ind2=" ">
    <subfield code="a">202451</subfield>
  </datafield>
  <datafield tag="100" ind1=" " ind2=" ">
    <subfield code="a">20260605d        u||y0pory50      ba</subfield>
  </datafield>
  <datafield tag="101" ind1=" " ind2=" ">
    <subfield code="a">spa</subfield>
  </datafield>
  <datafield tag="102" ind1=" " ind2=" ">
    <subfield code="a">ES</subfield>
  </datafield>
  <datafield tag="200" ind1=" " ind2=" ">
    <subfield code="a">Para un auto-analisis literario</subfield>
    <subfield code="f">Verg&#xED;lio Ferreira </subfield>
  </datafield>
  <datafield tag="210" ind1=" " ind2=" ">
    <subfield code="a">Salamanca</subfield>
    <subfield code="c">Cursos de Verano de la Universidad</subfield>
    <subfield code="d">1972</subfield>
  </datafield>
  <datafield tag="215" ind1=" " ind2=" ">
    <subfield code="a">15 p.</subfield>
    <subfield code="c">brochado</subfield>
    <subfield code="d">21 cm</subfield>
  </datafield>
  <datafield tag="225" ind1=" " ind2=" ">
    <subfield code="a">T&#xED;tulos Aparecidos</subfield>
    <subfield code="v">8</subfield>
  </datafield>
  <datafield tag="300" ind1=" " ind2=" ">
    <subfield code="a">Cont&#xE9;m dedicat&#xF3;ria na folha de guarda</subfield>
  </datafield>
  <datafield tag="303" ind1=" " ind2=" ">
    <subfield code="a">Literatura Portuguesa em L&#xED;ngua Espanhola</subfield>
  </datafield>
  <datafield tag="326" ind1=" " ind2=" ">
    <subfield code="a">Publicaciones de los Cursos de Verano de la Universidad de Salamanca</subfield>
    <subfield code="b">1972</subfield>
  </datafield>
  <datafield tag="606" ind1=" " ind2=" ">
    <subfield code="9">3661</subfield>
    <subfield code="a">Cr&#xED;tica Liter&#xE1;ria.Estudos Liter&#xE1;rios</subfield>
  </datafield>
  <datafield tag="675" ind1=" " ind2=" ">
    <subfield code="a">82.09</subfield>
    <subfield code="v">ES</subfield>
    <subfield code="z">spa</subfield>
  </datafield>
  <datafield tag="700" ind1=" " ind2=" ">
    <subfield code="9">1045</subfield>
    <subfield code="a">Ferreira</subfield>
    <subfield code="b">Verg&#xED;lio</subfield>
    <subfield code="f">1916-1996</subfield>
  </datafield>
  <datafield tag="801" ind1=" " ind2=" ">
    <subfield code="a">PT</subfield>
    <subfield code="b">BMMN</subfield>
    <subfield code="g">RPC</subfield>
  </datafield>
  <datafield tag="830" ind1=" " ind2=" ">
    <subfield code="d">05/06/20206</subfield>
    <subfield code="g">05/06/2026</subfield>
  </datafield>
  <datafield tag="990" ind1=" " ind2=" ">
    <subfield code="c">PERIODICOS</subfield>
  </datafield>
  <datafield tag="995" ind1=" " ind2=" ">
    <subfield code="0">0</subfield>
    <subfield code="2">0</subfield>
    <subfield code="5">2026-06-05</subfield>
    <subfield code="9">32225</subfield>
    <subfield code="b">BMMN</subfield>
    <subfield code="f">31940</subfield>
    <subfield code="k">82.09 FER|SAF</subfield>
    <subfield code="o">0</subfield>
    <subfield code="r">PERIODICOS</subfield>
    <subfield code="u">Acesso Condicionado</subfield>
    <subfield code="c">BMMN</subfield>
    <subfield code="s">Oferta</subfield>
  </datafield>
</record>
